000 00443nam a2200145Ia 4500
008 231129s2008||||xx |||||||||||||| ||spa||
020 _a978-958-8250-48-9
040 _bspa
082 _a759.9861 V335T
100 _aGregorio Vasquez Arce y Ceballos
245 0 _aEl oficio del pintor: nuevas miradas a la obra de Gregorio Vásquez
260 _c2008
264 _aMinisterio de Cultura
942 _2ddc
_cBKS
999 _c11907
_d11907